| 000 | 00615nam a2200193 a 4500 | ||
|---|---|---|---|
| 001 | 000034714 | ||
| 005 | 20200930073846.0 | ||
| 008 | 111019s1972 fr 000 f spa d | ||
| 040 |
_aDO-SdBNP _bspa _cBNPHU |
||
| 082 |
_a843.8 _bZ86a |
||
| 100 | 1 |
_aZola, Émilie _d1840-1902 _960173 |
|
| 245 | 1 | 0 |
_aAu bonheur des dames / _cÉmile Zola. |
| 260 |
_aParís : _bFasquelle, _c1972. |
||
| 300 |
_a504 p. ; _c17cm. |
||
| 590 | _aPerteneció a la biblioteca personal de Juan Isidro Jimenes Grullón | ||
| 650 | 4 |
_aNovela francesa _91075 |
|
| 650 | 4 |
_aLiteratura francesa _91074 |
|
| 910 | _aValidado. Control de calidad MFF | ||
| 999 |
_c34205 _d34205 |
||